Soluciones de ecuaciones diferenciales ordinarias /

Guardado en:
Autor Principal: Ricabarra, Rodolfo A., 1925-1984.
Formato: Libro
Idioma:Spanish
Publicado: La Plata : Departamento de Matemáticas, Facultad de Ciencias Físicomatemáticas, Universidad Nacional de la Plata, 1961.
Series:Notas de matemáticas ; 2
Etiquetas: Agregar Etiqueta
Sin Etiquetas, Sea el primero en etiquetar este registro!
LEADER 00629nam a22001575a 4500
001 MAT.inmabb000918
008 031119s1961####ag############000#0#spa#d
005 20170619151437.0
245 1 0 |a Soluciones de ecuaciones diferenciales ordinarias /  |c Rodolfo Ricabarra. 
260 |a La Plata :  |b Departamento de Matemáticas, Facultad de Ciencias Físicomatemáticas, Universidad Nacional de la Plata,  |c 1961. 
300 |a 59 p. ;  |c 22 cm. 
440 0 |a Notas de matemáticas ;  |v 2 
100 1 |a Ricabarra, Rodolfo A.,  |d 1925-1984. 
084 |a 34-XX  |2 msc2000 
859 |h 34  |i R487  |p A-753  |b BIB. MATEMATICA 
859 |h 34  |i R487  |p A-6743  |t Ej. 2  |b BIB. MATEMATICA